000 00520ngm a2200181 i 4500
001 C2-0302114
003 PPAK
005 20180727220231.0
008 100110s2009 xxu|||| ||||| | vleng d
040 _aPPAK
_beng
_cPPAK
_erda
245 0 0 _aBecoming Barack :
_bEvolution of a Leader
264 1 _aUnited States of America :
_bLittle Dizzy Home Video ,
_c2009
336 _2rdacontent
_atext
337 _2rdamedia
_aunmediated
338 _2rdacarrier
_avolume
700 0 _aDarren Mann,
_eeditor
942 _2ddc
_cDVD
999 _c165875
_d165875